000 01377cam a2200241 4500
001 ##L134331
008 060726n2006 000 0 eng u
035 _a(Sirsi) u134331
041 0 _aeng
050 0 4 _a630.026 $2 18
110 2 _aInvestment Property Databank
_92288
245 0 0 _aIPD UK let land index 2006
260 _aLondon
_bIPD
_c2006
490 0 _aIPD UK Let Land Index
505 2 _aLong-term performance and results for calendar year 2005 -- Let land performance -- Market commentary -- Data series -- Returns by region and lease type -- Rental growth and yields -- Operating costs -- Index composition 2005 overview
520 _aShows the performance of let farms weakened in 2005, but still outperformed residential property. However, annualised over the last three and five years, let land also gives a stronger return than commercial property. The index records the ungeared returns earned on a sample of tenanted farms owned by private individuals, a small number of pension funds and insurance companies, and the traditional land-owning institutions. Tables and graphs.
590 _aIKA010806
650 2 4 _aIPD UK LET LAND INDEX
651 4 _aUnited Kingdom
_y
690 _aPROPERTY-RURAL AND NATURAL ASSETS-AGRICULTURAL PROPERTY
856 4 0 _uhttps://www.savills.co.uk/
_zView the item free of charge at www.savills.co.uk...
942 _n0
999 _c105652
_d105652